000
00334nam a2200133Ia 4500
008
240624s9999 xx 000 0 und d
041
_a
eng
082
_a
658.8342 MOS
100
_a
MOSS GLORIA
245
_a
PERSONALITY DESIGN AND MARKETING MATCHIN
260
_c
2017
_a
New Delhi
_b
Routledge
300
_a
128 : p.
365
_c
BPS
_b
31
999
_c
28772
_d
28772